Język urzędowy według państwa - Statystyki

Ogólne statystyki
  • Ten quiz został rozwiązany 55 razy
  • Średni wynik to 9 z 13
Statystyki odpowiedzi
Państwo Język urzędowy % Poprawnych
Polska Polski
100%
Węgry Węgierski
88%
Malta Maltański / Angielski
87%
Szwecja Szwedzki
85%
Cypr Grecki / Turecki
83%
Jemen Arabski
77%
Panama Hiszpański
75%
Haiti Francuski / Haitański
60%
Azerbejdżan Azerski
58%
Singapur Mandaryński / Malajski / Tamilski / Angielski
54%
Surinam Niderlandzki
44%
Pakistan Urdu / Angielski
42%
Timor Wschodni Tetum / Portugalski
40%
Nie znaleziono quizów pasujących do podanych kryteriów
Rozkład punktacji
Procent ludzi z każdym wynikiem
Percentyl według liczby udzielonych odpowiedzi
Twoja historia wyników
Nie rozwiązałeś tego quizu